Southville International School and Colleges
Your cart is empty.
  • Cart
  • Lists
    Public lists list_1 View all
    Your lists Log in to create your own lists
  • Log in to your account
  • Your cookies
  • Search history
Southville International School and Colleges
  • Advanced search
  • Recent comments
  • Most popular
  • Libraries

Log in to your account

Log in with GOOGLE


If you do not have an external account, but do have a local account, you can still log in:

  1. Home
  2. MARC view: Jamberry /
Normal view MARC view ISBD view

Jamberry / (Record no. 113490)

[ view plain ]
MARC details
000 -LEADER
fixed length control field 00509nam a2200193 a 4500
001 - CONTROL NUMBER
control field 0370
005 - DATE AND TIME OF LATEST TRANSACTION
control field 20140414132022.0
008 - FIXED-LENGTH DATA ELEMENTS--GENERAL INFORMATION
fixed length control field 040910s19uu xx 00 eng d
020 ## - INTERNATIONAL STANDARD BOOK NUMBER
International Standard Book Number 0-590-44156-6
050 ## - LIBRARY OF CONGRESS CALL NUMBER
Classification number TR
Item number J22 1983
100 ## - MAIN ENTRY--PERSONAL NAME
Personal name Degen, Bruce
245 ## - TITLE STATEMENT
Title Jamberry /
Statement of responsibility, etc Story and pictures by Bruce Degen.
260 ## - PUBLICATION, DISTRIBUTION, ETC. (IMPRINT)
Place of publication, distribution, etc New York :
Name of publisher, distributor, etc Scholastic,
Date of publication, distribution, etc 1983.
300 ## - PHYSICAL DESCRIPTION
Extent 1 v. (unp.) : ill. ; cm.
650 ## - SUBJECT ADDED ENTRY--TOPICAL TERM
Topical term or geographic name as entry element Berries
General subdivision fiction.
650 ## - SUBJECT ADDED ENTRY--TOPICAL TERM
Topical term or geographic name as entry element Children stories.
Holdings
Withdrawn status Lost status Damaged status Use restrictions Home library Current library Shelving location Date acquired Source of acquisition Total Checkouts Full call number Barcode Date last seen Price effective from Koha item type
        Munich Library Munich Library Teachers Reference Section 09/10/2004     TR J22 1983 M5063 04/14/2014 04/14/2014 Books
        Munich Library Munich Library Teachers Reference Section 03/15/2011     TR J22 1983 M5062 04/14/2014 04/14/2014 Books

Jamberry /

APA

Degen B., . (1983). Jamberry. New York: Scholastic.

Chicago

Degen Bruce, . 1983. Jamberry. New York: Scholastic.

Harvard

Degen B., . (1983). Jamberry. New York: Scholastic.

MLA

Degen Bruce, . Jamberry. New York: Scholastic. 1983.

  • Place hold
  • Print
  • Cite
  • Add to your cart (remove)
  • Save record
    BIBTEX Dublin Core MARCXML MARC (non-Unicode/MARC-8) MARC (Unicode/UTF-8) MARC (Unicode/UTF-8, Standard) MODS (XML) RIS
  • More searches
    Search for this title in:
    Other Libraries (WorldCat) Other Databases (Google Scholar) Online Stores (Bookfinder.com) Open Library (openlibrary.org)

Exporting to Dublin Core...

SOUTHVILLE LIBRARY

Southville International School and Colleges Library

1281 Tropical Ave. Cor. Luxembourg St., BF Homes International, Las Pinas City

Tel. No. 8256374 / 252358 Loc. 117/146

Powered by Koha